Welcome to UE Central Library

Keep Smiling

A quark for mister mark (Record no. 26008)

MARC details
000 -LEADER
fixed length control field 01572nam a22001937a 4500
005 - DATE AND TIME OF LATEST TRANSACTION
control field 20260413142914.0
008 - FIXED-LENGTH DATA ELEMENTS--GENERAL INFORMATION
fixed length control field 260413b |||||||| |||| 00| 0 eng d
020 ## - INTERNATIONAL STANDARD BOOK NUMBER
International Standard Book Number 0571205429 (pbk)
040 ## - CATALOGING SOURCE
Transcribing agency UE-CL
082 ## - DEWEY DECIMAL CLASSIFICATION NUMBER
Item number R4791
Classification number 821.008
100 ## - MAIN ENTRY--PERSONAL NAME
Personal name Riordan maurice
245 ## - TITLE STATEMENT
Title A quark for mister mark
Statement of responsibility, etc / Edited by: Maurice riordan
260 ## - PUBLICATION, DISTRIBUTION, ETC. (IMPRINT)
Place of publication, distribution, etc London:
Name of publisher, distributor, etc Faber and faber,
Date of publication, distribution, etc 2000
300 ## - PHYSICAL DESCRIPTION
Extent 208 P.
546 ## - LANGUAGE NOTE
Language note English
650 ## - SUBJECT ADDED ENTRY--TOPICAL TERM
Topical term or geographic name as entry element Quark--Mister--Mark
942 ## - ADDED ENTRY ELEMENTS (KOHA)
Koha item type Books
505 ## - FORMATTED CONTENTS NOTE
Formatted contents note On Looking up by Chance at the Constellations ROBERT<br/><br/>FROST 3<br/><br/>After Reading a Child's Guide to Modern Physics<br/><br/>W. H. AUDEN 4<br/><br/>'We want no dead weights on this expedition' ALEX<br/><br/>COMFORT 6<br/><br/>from Orchestra SIR JOHN DAVIES 7<br/><br/>Physical Universe LOUIS SIMPSON 13<br/><br/>The dissolution of the world proovd from the mortallity of<br/><br/>every part LUCY HUTCHINSON 16<br/><br/>Cascadilla Falls A. R. AMMONS 17<br/><br/>The Black Stars PRIMO LEVI 19<br/><br/>The Doctor of Starlight PHILIP LEVINE 20<br/><br/>In the Lab with the Lady Doctor PETER REDGROVE<br/><br/>22<br/><br/>Ode upon Doctor Harvey ABRAHAM COWLEY 24<br/><br/>from The Art of Preserving Health JOHN ARMSTRONG 27<br/><br/>Calcium DERYN REES-JONES 29<br/><br/>from The Spleen ANNE FINCH 31<br/><br/>The Urine Specimen TED KOOSER 32<br/><br/>The Man Whose Smile Made Medical History LAVINIA<br/><br/>GREENLAW 33<br/><br/>The Spirit is too Blunt an Instrument ANNESTEVENSON 35<br/><br/>from Nosce Teipsum SIR JOHN DAVIES 36<br/><br/>from Of the Progress of the Soul JOHN DONNE<br/><br/>The Lover DON PATERSON 40<br/><br/>Entropy NEIL ROLLINSON 41<br/><br/>More Machines MICHAEL DONAGHY 42<br/><br/>Arguing Bartusiak ALBERT GOLDBARTH
Holdings
Withdrawn status Damaged status Not for loan Home library Current library Date acquired Full call number Barcode Date last seen Price effective from Koha item type
    Not For Loan UE-Central Library UE-Central Library 13.04.2026 R4791 821.008 T6195D 13.04.2026 13.04.2026 Books
Copyright © 2023, University of Education, Lahore. All Rights Reserved.
Email:centrallibrary@ue.edu.pk